Colorimetric determination of traces of metals (Record no. 20507)

MARC details
000 -LEADER
fixed length control field 00299nam a2200121Ia 4500
082 ## - DEWEY DECIMAL CLASSIFICATION NUMBER
Classification number 546.3
Item number SAN
100 ## - MAIN ENTRY--AUTHOR NAME
Personal name Sandell, E B
245 #0 - TITLE STATEMENT
Title Colorimetric determination of traces of metals
250 ## - EDITION STATEMENT
Edition statement 3
260 ## - PUBLICATION, DISTRIBUTION, ETC. (IMPRINT)
Name of publisher Interscience
Year of publication 1959
942 ## - ADDED ENTRY ELEMENTS (KOHA)
Koha item type Books
Holdings
Withdrawn status Lost status Damaged status Not for loan Home library Current library Date acquired Cost, normal purchase price Full call number Accession Number Koha item type
        RRII Library RRII Library 16/12/2021 26.00 546.3 SAN 01231 Books